Libro para las familias : educación preescolar.

Na minha lista:
Detalhes bibliográficos
Autor Corporativo: Comisión Nacional de Libros de Texto Gratuitos (México)
Outros Autores: Balbuena Corro, Hugo; coord (autor) (autor)
Formato: Livro
Idioma:espanhol
Assuntos:
Tags: Adicionar Tag
Sem tags, seja o primeiro a adicionar uma tag!

MARC

LEADER 00000nam^a2200000^u^4500
001 000530882
005 20250521000000.0
008 140909s10001000^^^^cr^^r^^^^^000^0^spa^d
009 20260310130840.347
022 |a 9786075147888 
035 |a FCE 000075129 
037 |a Acervo ITESO - Biblioteca 
041 |a spa 
082 0 4 |a 372.218  |b SEPLibFam 
110 |a Comisión Nacional de Libros de Texto Gratuitos (México) 
245 1 0 |a Libro para las familias :  |b educación preescolar. 
264 |a México :  |b SEP : DGMIE,  |c 2014. 
300 |a 34 p. 
336 |a texto  |b txt  |2 rdacontenido 
337 |a sin mediación  |b n  |2 rdamedio 
338 |a volumen  |b nc  |2 rdasoporte 
649 |a XX 
650 |a Relación familia-escuela 
650 |a Educación preescolar 
650 |a Participación de los padres 
650 |a Educación del niño 
700 |a Balbuena Corro, Hugo; coord  |e (autor) 
910 |a Fondo Centro de Estudios Educativos 
920 |a Impresos - Libros 
930 |a Fondos Especiales 
905 |a 133 
901 |a ALE072794  |b IT2  |c CEE  |u 20250521 
901 |a ALE074894  |b IT2  |c CEE  |u 20250521 
902 |a https://opac.biblio.iteso.mx/vufind/Record/000530882